Die engineering layouts and formulas (Record no. 181972)

MARC details
000 -LEADER
fixed length control field 00378nam a2200145Ia 4500
008 - FIXED-LENGTH DATA ELEMENTS--GENERAL INFORMATION
fixed length control field 231217s9999 xx 000 0 und d
041 ## - LANGUAGE CODE
Language code of text/sound track or separate title English
082 ## - DEWEY DECIMAL CLASSIFICATION NUMBER
Classification number 671.252 HIN;1 R
100 ## - MAIN ENTRY--PERSONAL NAME
Personal name Hinman, C W.
245 #0 - TITLE STATEMENT
Title Die engineering layouts and formulas
260 ## - PUBLICATION, DISTRIBUTION, ETC.
Date of publication, distribution, etc. 1943
Name of publisher, distributor, etc. Macgraw-hill
Place of publication, distribution, etc. New York
300 ## - PHYSICAL DESCRIPTION
Extent xviii, 497
650 ## - SUBJECT ADDED ENTRY--TOPICAL TERM
Topical term or geographic name entry element Die,layouts,formulas
942 ## - ADDED ENTRY ELEMENTS (KOHA)
Koha item type Books
Holdings
Date last seen Total checkouts Full call number Accession number Price effective from Category Public note Lost status Damaged status Department Withdrawn status Home library Current library Shelving location Entry date Vendor Grants Billdate Currency symbol Conversion rate Discount Old discount
26/01/2024   671.252 HIN;1 R 52030 26/01/2024 Books Rare Books     Central Library   Central Library Central Library Central Library 02/01/2009 Publisher DONATED 13/06/2012 RS 1    

© For any Suggestions or Query, please contact the library staff @ librarian@pes.edu or Phone: +9180 2672 1983/ 2108.